000 02436nam a2200289 a 4500
001 ASIN0745322581
003 OSt
005 20170105102909.0
008 131025s2005 xxu eng d
020 _a0745322581 (paperback)
_c$27.00
020 _a9780745322582 (paperback)
040 _aa
050 0 4 _aE183.8.M628
082 0 4 _a327.73056
_bTER 2005
100 1 _aTerry, Janice.
245 1 0 _aU.S. foreign policy in the middle east :
_bthe role of lobbies and special interest groups /
_cJanice Terry.
260 _a[S.l.] :
_bPluto Press,
_c2005.
300 _a176 p. ;
_c21 cm.
520 _aMillions of dollars are spent every year by companies and special interest groups attempting to influence government policy. They work behind the scenes, lobbying politicians to represent their interests. From tobacco companies, to energy companies, from anti-abortion campaigners to civil rights campaigners, the list is vast. And nowhere is their influence more keenly felt than on the issue of the Middle East. Israel is America's key ally in the Middle East, and helps maintain US dominance in the region. This book shows how pro-Israeli lobbyists and domestic interest groups have been hugely successful in creating government and financial support for Israel. By contrast, Arab-American groups and Arab governments have had less success putting forward their agendas. Janice J. Terry shows how special interest groups work, and why certain lobbying techniques are more effective than others. She sets this within the wider cultural context, showing how the US media -- and the general public -- view the Middle East. To explain how lobbies work, Terry draws on case studies including the Sinai accords and Camp David under Presidents Ford and Carter, the Conflict between Greek and Turkish lobbies over Cyprus, and the major campaign against the Arab boycott. Making use of primary sources, and unpublished material from various presidential libraries, this is a fascinating expose of the role that lobby groups really play in determining US foreign policy in the Middle East. It will be of interest to students of American politics, and Middle East studies.
650 0 _aInternational relations
650 0 _aLobbying
650 0 _aMiddle East
650 0 _aPressure groups
650 0 _aUnited States
856 4 0 _3Amazon.com
_uhttp://www.amazon.com/exec/obidos/ASIN/0745322581/chopaconline-20
942 _2ddc
_cBK
999 _c15044
_d15044